000 00499nam a2200157Ia 4500
008 151021s9999 xx 000 0 und d
020 _a273684264
050 _aTS 183 .O64 2006
245 _a_Operations and process management: principles and practice for strategic impact Slack Nigel
260 _aEngland Pearson Education 2006
300 _axxv,521p,ill
500 _aIncludes index
650 _a_Operation Strategy
700 _a_Stuart Chambers
980 _a^d20120306 03:32:21^oanne
999 _c8867
_d8867